ბათუმის შოთა რუსთაველის სახელმწიფო უნივერსიტეტის ბიბლიოთეკა

ორი პოემა. (ბიბ.ჩანაწერი № 41835)

000 -LEADER
fixed length control field 00490nam a2200193Ia 4500
001 - CONTROL NUMBER
control field 8518
003 - CONTROL NUMBER IDENTIFIER
control field GE_BSU
008 - FIXED-LENGTH DATA ELEMENTS--GENERAL INFORMATION
fixed length control field 181216s||||||||xx |||||||||||||| ||und||
040 ## - CATALOGING SOURCE
Transcribing agency GE_BSU
080 ## - UNIVERSAL DECIMAL CLASSIFICATION NUMBER
Universal Decimal Classification number 821.353.1-11
100 ## - MAIN ENTRY--PERSONAL NAME
Personal name ვაკელი,იონა.
245 ## - TITLE STATEMENT
Title ორი პოემა.
260 ## - PUBLICATION, DISTRIBUTION, ETC.
Place of publication, distribution, etc. ტფილისი.
260 ## - PUBLICATION, DISTRIBUTION, ETC.
Name of publisher, distributor, etc. ქართული წიგნი
260 ## - PUBLICATION, DISTRIBUTION, ETC.
Date of publication, distribution, etc. 1931.
300 ## - PHYSICAL DESCRIPTION
Extent 52გვ;16სმ.
653 ## - INDEX TERM--UNCONTROLLED
Uncontrolled term პოემა.
942 ## - ADDED ENTRY ELEMENTS (KOHA)
Koha item type წიგნი
ეგზემპლარები
Withdrawn status Lost status Damaged status Not for loan Date acquired Barcode Date last seen Price effective from Koha item type
        2018-12-17 30651 2018-12-17 2018-12-17 წიგნი
        2018-12-17 30652 2018-12-17 2018-12-17 წიგნი
        2018-12-17 30653 2018-12-17 2018-12-17 წიგნი